Centroamérica en cifras: 1980-2000 /

সংরক্ষণ করুন:
গ্রন্থ-পঞ্জীর বিবরন
সংস্থা লেখক: Facultad Latinoamericana de Ciencias Sociales, FLACSO
বিন্যাস: পাঠ‍্য
প্রকাশিত: San José: FLACSO
বিষয়গুলি:
ট্যাগগুলো: ট্যাগ যুক্ত করুন
কোনো ট্যাগ নেই, প্রথমজন হিসাবে ট্যাগ করুন!

MARC

LEADER 00000 a a2200000 04500
001 28391
003
040
020 |a 9977-68-118-X  
090 |a 188600  
110 |a Facultad Latinoamericana de Ciencias Sociales  
245 |a Centroamérica en cifras: 1980-2000 /  |c Facultad Latinoamericana de Ciencias Sociales  
260 |a San José:   |b FLACSO  
300 |a 220 p.   |b **no definido**  
650 |a ESTADISTICAS DEMOGRAFICAS  
650 |a ESTADISTICAS SOCIALES  
650 |a ESTADISTICAS ECONOMICAS  
650 |a ESTADISTICAS DE EMPLEO  
650 |a ESTADISTICAS DE SALUD  
650 |a ESTADISTICAS DE LA EDUCACION  
650 |a ESTADISTICAS AMBIENTALES  
650 |a ELECCIONES  
710 |a FLACSO  
999 |c 13238  |d 13238